000
00340 a2200157 4500
001
70035
020
_a
852624227X
040
_c
Anchieta - Itaigara
240
1
0
_a
O fantasma da torre
_l
por
245
1
0
_a
O fantasma da torre
300
_a
82
362
0
_a
1998
440
1
_a
Scipione
650
4
_a
Literatura infanto-juvenil
942
_c
BK
999
_c
70035
_d
70035